000 00472cam a22001571 4500
001 7372114
005 20250714094015.0
008 750507s1938 nyu 000 0 eng
050 0 0 _aE183
_b.R66
082 _a973
100 1 _aRoosevelt, Nicholas,
_d1893-1982.
245 1 2 _aA new birth of freedom;
_cby Nicholas Roosevelt ...
_ba theology of bondage and liberation
260 _aPhiladelpphia
_bFortress Press
_cc1976.
300 _axvi, 368p.
_c21 cm.
942 _2lcc
_cBK
_n0
999 _c6952
_d6952